Bulletin Centra vedecko-technických informácií SR knihovníctvo - informatika - teória - prax

Enregistré dans:
Détails bibliographiques
Format: Publication en série
Langue:slovaque
Publié: Bratislava Centrum vedecko-technických informácií SR
Sujets:
Tags: Ajouter un tag
Pas de tags, Soyez le premier à ajouter un tag!

MARC

LEADER 00000nas1a2200000 4500
001 s121223
005 20230404102636.6
022 |a 1335-2164 
041 0 |a slo 
044 |a SK 
245 1 0 |a Bulletin Centra vedecko-technických informácií SR  |b knihovníctvo - informatika - teória - prax 
264 1 |a Bratislava  |b Centrum vedecko-technických informácií SR 
610 2 0 |a knižnice 
610 2 0 |a informácie